000 01261cam a22002651i 4500
003 SA-RiAUC
005 20250527083353.0
008 250526s2004 le g 00000 ara c
040 _aSA-JeALM
_bara
_cSA-RiAUC
_erda
050 _bJ33
082 0 4 _a253
_qSA-RiAUC
090 _a257.13
_b ج ا ب
100 1 _aالجابي، بسام عبد الوهاب
_eمؤلف.
245 1 2 _aالمجلة :
_bمجلة الأحكام العدلية : فقه المعاملات في المذهب الحنفي . معها قرار حقوق العائلة في النكاح المدني والطلاق النكاح - الافتراق/
_cبعناية بسام عبد الوهاب الجابي.
250 _aالطبعة الأولى، مضبوضة ومشكولة ومنسقة ومحبوكة.
264 1 _aبيروت :
_aليماسول - قبرص :
_bدار ابن حزم،
_bالجفان والجابي.
_c2004
300 _a592 صفحة ؛
_c24 سم
336 _aنص
_btxt
_2rdacontent
_3كتاب
337 _aبدون وسيط
_bn
_2rdamedia
338 _aمجلد
_bnc
_2rdacarrier
650 7 _aالمعاملات (فقه إسلامي)
_2aucsh
650 7 _aالفقه الحنفي
_2aucsh
942 _2ddc
_cBOOK
_n0
949 _aSA-JeALM
_d250526
_uosman123
_n1
999 _c8420
_d8420